Evropské integrační trendy

Významné tendencie vo svetovom hospodárstve. Situácia na automobilovom trhu v Európe. Výhľady konjunktúry v niektorých menších európskych krajinách. Dynamika rastu vyspelých krajín (1993-1995).

Na minha lista:
Detalhes bibliográficos
Autor principal: Štrup, I.
Outros Autores: Stehlík, J.
Formato: Capítulo de Livro
Idioma:tcheco
Assuntos:
Tags: Adicionar Tag
Sem tags, seja o primeiro a adicionar uma tag!

MARC

LEADER 00000naa a2200000 4500
001 r016270
005 20221213082254.3
041 0 |a cze 
044 |a CZ 
245 1 0 |a Evropské integrační trendy  |c I. Štrup, J. Stehlík 
520 |a Významné tendencie vo svetovom hospodárstve. Situácia na automobilovom trhu v Európe. Výhľady konjunktúry v niektorých menších európskych krajinách. Dynamika rastu vyspelých krajín (1993-1995). 
610 2 0 |a integrácia ekonomická medzinárodná 
610 2 0 |a hospodárstvo svetové 
610 2 0 |a trh 
610 2 0 |a automobily 
610 2 0 |a Európa 
610 2 0 |a rast hospodársky 
610 2 0 |a 1993-1995 
100 1 |a Štrup, I. 
700 1 |a Stehlík, J.